|
|
|
|
| LEADER |
01698nam a2200385 a 4500 |
| 001 |
2126644 |
| 008 |
100615s1998 nyua c 000 1 eng d |
| 010 |
|
|
|a \\\97039059
|
| 020 |
|
|
|a 0590353403 (hardcover) :
|c $16.95
|
| 020 |
|
|
|a 059035342X (pbk.)
|
| 040 |
|
|
|a DLC
|c DLC
|d DLC
|d WaU
|d DLC
|d BD-DhAAL
|
| 082 |
0 |
0 |
|a 813/.6
|2 21
|
| 100 |
1 |
|
|a Rowling, J. K.
|
| 240 |
1 |
0 |
|a Harry Potter and the philosopher's stone
|
| 245 |
1 |
0 |
|a Harry Potter and the sorcerer's stone /
|c by J.K. Rowling ; illustrations by Mary GrandPré.
|
| 250 |
|
|
|a 1st American ed.
|
| 260 |
|
|
|a New York :
|b A.A. Levine Books,
|c 1998.
|
| 300 |
|
|
|a vi, 309 p. :
|b ill. ;
|c 24 cm.
|
| 500 |
|
|
|a "Year 1"--Spine.
|
| 500 |
|
|
|a Sequel: Harry Potter and the Chamber of Secrets.
|
| 520 |
|
|
|a Rescued from the outrageous neglect of his aunt and uncle, a young boy with a great destiny proves his worth while attending Hogwarts School for Witchcraft and Wizardry.
|
| 541 |
1 |
|
|e 00020391
|
| 650 |
|
0 |
|a Wizards
|v Juvenile fiction.
|
| 650 |
|
0 |
|a Magic
|v Juvenile fiction.
|
| 650 |
|
0 |
|a Hogwarts School of Witchcraft and Wizardry (Imaginary organization)
|v Juvenile fiction.
|
| 650 |
|
0 |
|a Schools
|v Juvenile fiction.
|
| 650 |
|
1 |
|a Wizards
|v Fiction.
|
| 650 |
|
1 |
|a Magic
|v Fiction.
|
| 650 |
|
1 |
|a Schools
|v Fiction.
|
| 651 |
|
0 |
|a England
|v Juvenile fiction.
|
| 651 |
|
1 |
|a England
|v Fiction.
|
| 700 |
1 |
|
|a GrandPré, Mary,
|e ill.
|
| 852 |
4 |
|
|a Ayesha Abed Library
|j General Shelf
|
| 999 |
|
|
|c 8946
|d 8946
|
| 952 |
|
|
|0 0
|1 0
|2 ddc
|4 0
|6 813_600000000000000_ROW_1998
|7 0
|9 10989
|a BRACUL
|b BRACUL
|c GEN
|d 2010-06-15
|l 13
|m 52
|o 813.6 ROW
|p 3010020391
|q 2026-05-19
|r 2026-05-06
|s 2026-05-06
|t 1
|w 2010-06-15
|y BK
|x Transferred from ENH to Ayesha Abed library on 20/12/2023
|